| 000 | 00462cam a2200181ua 4500 | ||
|---|---|---|---|
| 041 |
_aeng _h |
||
| 082 |
_a628 _bHUS/TE |
||
| 100 | _aHusain, S K. | ||
| 245 |
_aText book of Water supply and sanitary Engineering / _cS K Husain. _hTextual Documents |
||
| 250 |
_a2 / _b. |
||
| 260 |
_a : _bOxford & IBH Publishing company , _c1990. |
||
| 300 | _a884 ; . | ||
| 504 | _a | ||
| 942 | _cBK | ||
| 999 |
_c3192 _d3192 |
||